书目信息 |
| 题名: |
建筑构造
|
|
| 作者: | 马立群 主编 | |
| 分册: | ||
| 出版信息: | 北京 机械工业出版社 2021 |
|
| 页数: | 304页 | |
| 开本: | 26cm | |
| 丛书名: | ||
| 单 册: | ||
| 中图分类: | TU22 | |
| 科图分类: | ||
| 主题词: | 建筑构造--jian zhu gou zao | |
| 电子资源: | ||
| ISBN: | 978-7-111-68657-6 | |
| 000 | 01100nam0 2200277 450 | |
| 001 | 011025150725 | |
| 005 | 20221025150725.0 | |
| 010 | @a978-7-111-68657-6@dCNY79.00 | |
| 100 | @a20201004d2021 em y0chiy0120 ea | |
| 101 | 0 | @achi |
| 102 | @aCN@b110000 | |
| 105 | @aa z 000yy | |
| 106 | @ar | |
| 200 | 1 | @a建筑构造@Ajian zhu gou zao@f马立群主编 |
| 205 | @a第2版 | |
| 210 | @a北京@c机械工业出版社@d2021 | |
| 215 | @a304页@c图@d26cm | |
| 300 | @a新设计规范·新建筑材料·新构造·新施工技术·新设备应用 | |
| 312 | @a封面英文题名:Building structure | |
| 330 | @a本书以现行建筑设计规范及建筑通用图集为基础,结合当前建筑新材料、新施工技术、新设备应用而编写,全面系统地介绍了常见民用建筑构造设计方面的知识。本书内容包括地基、基础与地下室,墙体,楼板层、地坪层,楼梯、电梯与扶梯,门窗与遮阳,屋顶,变形缝,建筑节能构造设计,建筑防灾,建筑幕墙,采光顶、金属屋面与中庭,装配式建筑等。 | |
| 510 | 1 | @aBuilding structure@zeng |
| 606 | 0 | @a建筑构造@Ajian zhu gou zao |
| 690 | @aTU22@v5 | |
| 701 | 0 | @a马立群@Ama li qun@4主编 |
| 801 | 0 | @aCN@c20221025 |
| 905 | @a河南城建学院图书馆@dTU22@eM0961 | |
| 建筑构造/马立群主编.-第2版.-北京:机械工业出版社,2021 |
| 304页:图;26cm |
| 新设计规范·新建筑材料·新构造·新施工技术·新设备应用 |
| ISBN 978-7-111-68657-6:CNY79.00 |
| 本书以现行建筑设计规范及建筑通用图集为基础,结合当前建筑新材料、新施工技术、新设备应用而编写,全面系统地介绍了常见民用建筑构造设计方面的知识。本书内容包括地基、基础与地下室,墙体,楼板层、地坪层,楼梯、电梯与扶梯,门窗与遮阳,屋顶,变形缝,建筑节能构造设计,建筑防灾,建筑幕墙,采光顶、金属屋面与中庭,装配式建筑等。 |
| ● |
| 相关链接 |
|
|
|
正题名:建筑构造
索取号:TU22/M0961
 
预约/预借
| 序号 | 登录号 | 条形码 | 馆藏地/架位号 | 状态 | 备注 |
| 1 | 1585236 | 215852361 | 建筑库101/101建筑库 45排6列5层/ [索取号:TU22/M0961] | 在馆 | |
| 2 | 1585237 | 215852370 | 建筑库101/101建筑库 45排6列5层/ [索取号:TU22/M0961] | 在馆 |